00766nam a2200229 a 4500001000400000003001000004005001700014008004100031020001800072040002500090080002300115100003900138245011700177250002700294260003100321300002000352504002500372650004200397650003200439650003600471650002900507732BR-CuiBMT20231114222358.0230929s2008 spb 000 0 por d a9788536112015 aBR-CuiBMTcBR-CuiBMT a347.51:331.1220071 aSantos, Enoque Ribeiro dos,d1954-10aResponsabilidade objetiva e subjetiva do empregador em face do novo código civil /cEnoque Ribeiro dos Santos. a2. ed., rev. e ampli.  aSão Paulo :bLTr,c2008. a288 p. :c24 cm aInclui bibliografia. aDireito civilxLegislaçãozBrasil aDireito do trabalhozBrasil aEmpregadoresxResponsabilidades aDireito processual civil